000 00783nam a2200241Ia 4500
003 OSt
005 20220926014952.0
006 a|||||r|||| 00| 0
007 ta
008 220923b |||||||| |||| 00| 0 eng d
037 _cGeneral Book
040 _aRTL
_cRTL
_beng
041 _2eng
_aeng
082 _aX:77ogT, K4
100 _aBecker Gary S
_9139677
245 0 _aHuman capital
_b A theoretical and empirical analysis, with special refernce to education
260 _aNew York
_bNational bureau of economic research
_c1964
300 _axvi,187p.
_ccm.
490 _aNational Bureau of Economic Research, General Series, 80
650 _aEconomic Development
_917300
942 _hX:77ogT, K4
_cGB
_2CC
999 _c630245
_d630245